| 000 | 00589nam a2200205Ia 4500 | ||
|---|---|---|---|
| 005 | 20230316101549.0 | ||
| 008 | 131103s9999 xx 000 0 und d | ||
| 020 |
_a8129500914 _cRs.100 |
||
| 040 | _aLoreto College | ||
| 041 | _aEnglish | ||
| 082 |
_a891.44 _bMAJ |
||
| 100 | _aMajumdar, Ujjal Kumar | ||
| 245 |
_aSahitya o samalochanar rup-reeti _cUjjal Kumar Majumdar |
||
| 260 |
_aKolkata _bDey's Pub _c2003 |
||
| 300 | _a254p | ||
| 504 | _aIncludes bibliographical references and index | ||
| 650 | _aBengali Literature - History and Criticism | ||
| 850 | _aLCLIB | ||
| 942 | _cBK | ||
| 999 |
_c20426 _d70905 |
||